000 00392nam a22001697a 4500
003 MPLRDC
005 20220104143855.0
008 210129b ||||| |||| 00| 0 eng d
082 _a947.411 LYJ v.7
100 _a刘云杰、阿宽
245 _a百分百感觉
_c
250 _a初版
260 _a
_b大然
_c
300 _b
650 _a长篇漫画
942 _cBK
_o947.411 LYJ v.7
999 _c44190
_d44180